| 000 | 00726nam a2200205Ia 4500 | ||
|---|---|---|---|
| 003 | GCL | ||
| 005 | 20240530102940.0 | ||
| 008 | 140319s9999 xx 000 0 ara d | ||
| 040 |
_aGCL / _cGCL |
||
| 082 | 0 | 4 |
_a363.5 _bن س |
| 100 | _aنجوى ابراهيم محمود | ||
| 245 | 1 | 0 |
_aالسياسات العامة والتغير السياسى فى مصر سياسة الاسكان دراسة حالة 1974_1986 / _cنجوى ابراهيم محمود |
| 260 |
_a[S.N] : _bدار سعاد الصباح ، _c1993 |
||
| 300 | _a517 ص | ||
| 650 | 0 | 4 | _aالاسكان |
| 650 | 0 | 4 | _aالمساكن |
| 650 | 0 | 4 | _aالمشاكل السكانية |
| 650 | 0 | 4 | _aمصر - الاحوال الاجتماعية |
| 942 |
_2ddc _cBK |
||
| 999 |
_c35595 _d35595 |
||